Harrison: (Registro nro. 21910)

Detalles MARC
000 -Cabecera
Campo de control interno 00881nam a2200265Ia 4500
005 - Fecha y hora del registro
control field 20260320113324.0
008 - Elementos de Longitud Fija
fixed length control field 260320s9999||||xx |||||||||||||| ||und||
020 ## - ISBN
ISBN 9788448600716
041 ## - Idioma
Codigo Idioma ESP
082 ## - DEWEY y NOTACIÓN INTERNA
Dewey 616
Notación Interna I477 V. 2
100 ## - AUTOR
Autor denominación Isselbacher, Kurt J.,
Término de relación editor
245 #0 - TÍTULO DE MATERIAL BIBLIOGRÁFICO
Título Harrison:
Título paralelo Principios de medicina interna
246 ## - TÍTULO TRADUCIDO
Título
Título paralelo
Autor
250 ## - EDICIÓN
Edición Décimotercera edición
260 ## - CIUDAD, EDITORIAL, AÑO
Ciudad Madrid :
Nombre de la Editorial McGraw-Hill,
Año 1997
300 ## - DESCRIPCIÓN
N° Páginas xxxii, 1438-3029 :
Otros detalles cuadros, ilustraciones ;
Dimensiones 29 cm.
Material Adicional
440 ## - MENCIÓN DE SERIE
Título de la Serie
Número de Serie
Volumen de Serie
650 ## - TEMAS
Temas Medicina
653 ## - DESCRIPTORES
Lenguajes no controlado Medicina interna; Enfermedades
654 ## - PROGRAMAS
Programa Dpto. de Ciencias de la Salud
700 ## - OTROS AUTORES
Otros autores Braunwald, Eugene; Wilson, Jean D.; Martin, Joseph B. [y otros dos]
Títulos y otras palabras asociadas con el nombre editores
856 ## - URL - UBICACIÓN
URI/URL: Enlace exacto del recurso <a href="https://accessmedicina-mhmedical-com.ucsp.lookproxy.com/">https://accessmedicina-mhmedical-com.ucsp.lookproxy.com/</a>
Nota pública: Versión digital <a href="Véase además: Base de datos McGraw Hill Access Medicina">Véase además: Base de datos McGraw Hill Access Medicina</a>
942 ## - ELEMENTOS DE KOHA
Tipo de documento Libro
Nombre del creador Justo Noguera
Código de catalogador Mirtha Ponce
Esquema de clasificación Dewey Decimal Classification
Suppress in OPAC
Existencias
Codigo completo Registro Colección Copia número Disponibilidad Tipo de préstamo Biblioteca Actual Procedencia (Biblioteca) Ubicacón Fecha Ingreso Tipo de Adquisición Date last seen Total checkouts Price effective from Tipo de Item Estado del Material Fuente de Clasificación Damaged status Withdrawn status
616 I477 V. 2 1086308 Universidad Católica San Pablo 1 Disponible Disponible Víctor Andrés Belaunde Víctor Andrés Belaunde Planta baja abierta 08/04/2026 Donación 08/04/2026   08/04/2026 Libro Bueno Dewey Decimal Classification